• AIU
  • Tony Wilmot Memorial Library

The resources and services of the Nairob (Record no. 39307)

MARC details
000 -LEADER
fixed length control field 00512nam a22001811a 4500
003 - CONTROL NUMBER IDENTIFIER
control field NEGST
005 - DATE AND TIME OF LATEST TRANSACTION
control field 20160603020003.0
008 - FIXED-LENGTH DATA ELEMENTS--GENERAL INFORMATION
fixed length control field 030618s1993 001 0 eng d
100 1# - MAIN ENTRY--PERSONAL NAME
Personal name Choms, Esther.
245 14 - TITLE STATEMENT
Title The resources and services of the Nairob
Statement of responsibility, etc Esther Choms.
Medium [Text]
260 ## - PUBLICATION, DISTRIBUTION, ETC. (IMPRINT)
Place of publication, distribution, etc [S.l.]
Name of publisher, distributor, etc [s.n.]
Date of publication, distribution, etc 1993
300 ## - PHYSICAL DESCRIPTION
Extent vi, 60p.
500 ## - GENERAL NOTE
General note Research project (B.L.S.) Ahmadu Bello University, 1993.
590 ## - LOCAL NOTE (RLIN)
Local note Accession number: 18330
650 #0 - SUBJECT ADDED ENTRY--TOPICAL TERM
Topical term or geographic name as entry element NEGST Library.
942 00 - ADDED ENTRY ELEMENTS (KOHA)
Koha issues (borrowed), all copies 1
Holdings
Withdrawn status Lost status Source of classification or shelving scheme Damaged status Not for loan Collection code Home library Current library Shelving location Date acquired Cost, normal purchase price Total Checkouts Total Renewals Full call number Barcode Date last seen Date checked out Copy number Price effective from Koha item type
    Library of Congress Classification     General Circulation AIU/NEGST - Tony Wilmot Memorial Library AIU/NEGST - Tony Wilmot Memorial Library General Stacks 01/19/2010 23.45 3 1 Z 680.C46 1993 R00198W3232 02/18/2021 02/10/2021 1 01/19/2010 Books